MDQL
is popping MORE tags! Check the
thread
!
Quizzes
Events
Quiz Creation
Community
Videos
Private Events
Remove Ads
Sign In
Join for FREE
Feedback
Dark Mode
Quiz Categories
Sports
Geography
Music
Movies
Television
Just For Fun
Miscellaneous
History
Literature
Language
Science
Gaming
Entertainment
Religion
Holiday
For Kids
Quiz Lab
Recent
Popular Today
Quiz Kudos Today
Editor Picks
Curator Picks
Quizzes by...
Day
Popularity
Type
Ratings
Length
Year
Community
Subscriptions
Recent Discussions
Orange Saloon
Badges
Playlists
Quests
Create
Leaderboards
Showdown
Live 5
Trivia Bingo
Activity
Puzzle Library
Sporcle Events
Private Events
Virtual Trivia
Globe League
Become a Host
Pub Owners
SporcleCon
Opinionation
Our Games
Videos
Blog
Mobile Apps
Partnerships
Remove Ads and Go Orange
Feedback
Sports
Athletes
MLB
NBA
NHL
NFL
Soccer
Sports Teams
WWE
NCAA
Football
Premier League
Basketball
Baseball
Hockey
Golf
Tennis
Cricket
Rugby
Auto Racing
Olympics
World Cup
Sports
Athletes
MLB
NBA
NHL
NFL
Soccer
Sports Teams
WWE
NCAA
Football
Premier League
Basketball
Baseball
Hockey
Golf
Tennis
Cricket
Rugby
Auto Racing
Olympics
World Cup
Random Quiz
Search Sporcle
×
Quiz Lab
Quiz Lab
Sports
Judaism
Type in answers that appear in a list
Type in answers that appear in a list
Classic
Best Score? Go Orange.
Ugliest NBA Players Stats
Can you name the Ugliest NBA Players and their habitats?
By
mattb12000
30s
31 Questions
59 Plays
59 Plays
59 Plays
Comments
Comments
Give Quiz Kudos
Give Quiz Kudos
-
- Ratings
hide this ad
More Info
Replay
Link that replays current quiz
Next Quiz
Link to next quiz in quiz playlist
You Got
0%
They Got
Avg Score
5%
Avg Friend Score
Upgrade to see
Score Distribution
Jump to the score distribution portion of the page
Score
0/31
Timer
00:30
0
Plays Today
Place of Worship/Habitat
Ugliest PLayers
% Correct
The Team in the Windy City
Joakim
66.1%
Los Angeles
Kobe
55.9%
The Birds Nest
Birdman
20.3%
NBA 2K13 MVP
A.C. D'Angelo
5.1%
Villanova
Charlie Villanova
5.1%
Texas
Chris Kaman My Pants
3.4%
Stone Age
Greg Popovich
3.4%
The Kitchen
Britany Griner
3.4%
City City
Novakaine
1.7%
Argentina
Pablo Prigioni
1.7%
The Ghetto
Chris Copeland
1.7%
Pistons
Chauncey 'Mr. Big Shot' Billups
1.7%
Canada
The Candien's own NASHville
1.7%
Half Hollow Hills High School West, New York
Tobias Harris went to my High School. Half Hollow Hills West
1.7%
North Pole
Nerlins Noel
1.7%
Candlewood Middle School
Ryan Kaplan
1.7%
Place of Worship/Habitat
Ugliest PLayers
% Correct
Candlewood Middle School
Lonnie Fleer who thinks he is better than me expect I start on the school team and he got cut in the first tryout
1.7%
Gaza Strip
Andriens Biedrins
0%
Central
Luke Richard Ma Ba A Mout A
0%
New York, New York
Reggie 'Flop' Evans
0%
8 Million B.C.
The living dinosaur (Chris Bosh)
0%
Unknown
Justin Beiber (Yes He Was In The CeleBrity All-Star Game)
0%
The 80's
Scottie Pippen III
0%
Soviet Russia
Timoffyy Mozgovernor
0%
Loserville
Shane 'pointy shoulders' Batty A
0%
The Zoo
Nicholas 'Never Seen A Shot He Doesn't Like' Young
0%
The Sewer
Evan' rat-face' turner
0%
Fantasy Land 2
Steve 'dumbo' blake
0%
College: Air Force
James 'Flight' White
0%
Planet Lackofdentalcare
Fabulous Mellow
0%
Ompa Loopa Land
Earl Boykins
0%
Quiz Playlist
Details
Report
Send in Message
Add To Playlist
More Info:
Please Rate Me A 5. I Work Hard to Make Quiz in America
Classic:
Type in answers that appear in a list
Quiz Source
Last Updated: Feb 16, 2017
Quiz Scoreboard
CHALLENGE
Sign Up to Join the Scoreboard
Show All
Scores
Hide
Comments
May contain spoilers
Recently Published
Image Sorting: Flags VI
by Barbecue
Geography
2m
Find the 'City' Movie
by crazypaving
Movies
60s
5x2 Blitz: Bands
by SL_Kpop136
Music
30s
More to Explore
Quiz From the Vault
Featured Blog Post
14 Easter Pick-up Lines to Find Eggs With
hide this ad
You Might Also Like...
Tags
Basketball Quiz
Judaism Quiz
NBA Quiz
5-star
Five
Five-star
flop
Flopper
Jewish
NBA Player
No
rate
Ugly
Today's Top Quizzes in Sports
Browse Sports
hide this ad
Today's Top Quizzes in Judaism
Browse Judaism
Top Contributed Quizzes in Sports
1
Les meilleurs buteurs des matchs entre le PSG et l’OM
2
Les entraîneurs de l'OM et du PSG au 21e siècle
3
Les joueurs passés par le PSG et l'OM
4
2022 World Cup Stars
5
Players with Multiple 50 Home Run Seasons
6
Criteria MLB: Left Handed Sluggers
7
MLB Players with Two .350 Batting Average Seasons
8
Les joueurs passés par le LOSC et le RC Lens
9
NBA Logic Puzzle 2.0
10
Top 10 NHL Goal Scorers of All Time
Explore More
Trending Topics
Crossword
Kpop
Marvel
Harry Potter
Disney
Anime
NBA
Pokémon
WWE
NFL
The Office
Country
Song
Puzzle
Soccer
hide this ad
More By:
mattb12000
Quiz
Plays
Rating
Category
Featured
Created
Who isn't an NBA MVP? (A Barone Brothers Quiz)
6,978
1.98
Sports
Feb 28, 2014
Biggest ball hog in NBA history
265
2.75
Sports
Jan 22, 2012
Madden Covers
175
2.40
Sports
Jun 11, 2011
Knicks 2011 opening day roster
131
3.50
Sports
Jan 16, 2012
Highest ranked academic Universities
115
2.33
Sports
Mar 25, 2014
Go to Creator's Profile
Score Distribution
Quiz Creator Spotlight
mattb12000
Follow
Send a Message
Quizzes Created
-
Created Quiz Play Count
-
More By This Creator
Popular Quizzes Today
1
Colored Red Africa Blitz
2
Find the US States - No Outlines Minefield
3
Find the 'City' Movie
4
5x2 Blitz: Bands
5
The Countries of the World
6
Find the US States
7
Find the Countries of Europe - No Outlines Minefield
8
US States
More Sports Quizzes
Les fidèles de Ligue 1
Quiz Lab
Trending Quizzes
Colored Red Europe Blitz I
Colored Red Europe Blitz II
Colored Red Africa Blitz II
Colored Red Europe Blitz III
Colored Red Africa Blitz III
Recently Updated
How Do You Spell That?
pecheneg
Godzilla Movies
pecheneg
Grab Bag: 4-10 Letters
pecheneg
2024 March Madness Bracket
pecheneg
Famous TV Couples
Peacemaker
Champions League XIs: Real Madrid
pecheneg
Largest US Cities 1790-2010
pecheneg
Rides in Walt Disney World
pecheneg
Most Oscar Losses (Acting)
pecheneg
Beyoncé Albums
pecheneg
Trending Topics
Disney
Harry Potter
Anime
Kpop
Crossword
Marvel
NBA
NFL
Song
Puzzle
Pokémon
Country
Soccer
The Office
WWE
Your Account Isn't Verified!
In order to create a playlist on Sporcle, you need to verify the email address you used during registration. Go to your
Sporcle Settings
to finish the process.
Report this User
Report this user for behavior that violates our
Community Guidelines
.
Details:
Send Report
Go to the Sporcle.com Mobile Site →
Comments